[Event "Slovenian chT 2019"]
[Site "Slovenia"]
[Date "2019.12.21"]
[Round "8"]
[White "Virtic, Franc Ml."]
[Black "Janzekovic, Klemen"]
[Result "1-0"]
[WhiteElo "2113"]
[BlackElo "2009"]
[Annotator "TA"]
[PlyCount "223"]
[EventDate "2019.??.??"]
[EventCountry "SLO"]
[SourceTitle "playchess.com"]
[Source "ChessBase"]
[SourceQuality "1"]

{[%evp 9,223,-9,-22,-29,17,11,16,-3,0,0,0,0,0,0,3,4,12,0,0,-20,-18,-39,0,0,0,0,0,0,0,-14,0,-2,9,-154,-144,-278,-14,-22,-22,-36,-44,-48,-41,-58,-56,-54,-52,-81,-82,-212,-202,-236,-240,-252,-246,-284,-283,-278,0,-283,-264,-320,-192,-345,-256,-287,-253,-251,-268,-340,-328,-591,-574,-985,-198,-386,-143,-186,-186,-167,-143,-121,-131,-139,-123,-193,-58,-89,-89,-93,-89,-76,-32,-126,-131,-142,-137,-162,-159,-150,-139,-168,-160,-219,-210,-258,-248,-254,-196,-329,-310,-270,42,42,42,42,42,0,47,37,48,35,42,0,8,0,8,8,8,0,8,0,0,0,0,0,0,0,0,0,0,0,0,0,0,0,0,0,0,0,0,0,0,0,8,0,8,8,8,8,8,0,8,8,21,8,8,8,8,8,8,0,8,0,8,0,0,0,0,0,0,0,0,0,8,0,8,8,8,0,0,0,0,0,0,0,8,8,8,8,8,8,8,0,0,0,8,8,8,8,29992,29993,29993,29994,29994,29995]} 1. c4 Nf6 2. g3 c6 3. Bg2 d5 4. Nh3 (4. Nf3 dxc4 5. O-O g6 6. Qc2 Bg7 7. Qxc4 O-O 8. Qc2 Bf5 9. d3 Qc8 10. Nc3 Bh3 11. d4 Na6 12. Rd1 Bxg2 13. Kxg2 Nd5 {½-½ (56) Aronian,L (2765)-Caruana,F (2818) Saint Louis 2019}) 4... e5 5. cxd5 cxd5 6. d4 {A11: English Opening: 1...c6} e4 $146 ({Predecessor:} 6... exd4 7. O-O Nc6 8. Bg5 Be7 9. Nf4 O-O 10. Nd2 Be6 11. Nb3 h6 12. Bxf6 Bxf6 {0-1 (35) Zhadko,V (2220)-Stets,D (2421) Kishinev 2009}) 7. O-O h6 8. Nc3 {The position is equal.} Nc6 9. f3 exf3 10. exf3 Be7 11. Nf4 O-O 12. Be3 Bd6 13. Qd2 Bf5 14. Nd3 Re8 15. Rae1 Rc8 16. Bf2 Qb6 {[#]} 17. Ne5 $1 {[%mdl 512]} Bb4 (17... Nxe5 18. dxe5) 18. g4 Be6 19. h4 Na5 20. Re2 Red8 21. Be3 $2 (21. Nd3 $11) 21... Nd7 $1 $17 {[%cal Rd7e5]} 22. Bf2 (22. Nxd7 $17 {keeps fighting.} Bxd7 23. Rc1) 22... Nc4 $2 (22... Nxe5 $19 23. dxe5 d4) 23. Nxc4 $11 Rxc4 24. a3 Bxc3 25. bxc3 Rdc8 $36 {[%mdl 2048] Black has some pressure.} 26. g5 hxg5 27. Qxg5 Rxc3 28. Rfe1 Qd8 ({Reject} 28... Rxa3 $6 29. Qe7 $11) 29. Qf4 (29. f4 $17 {was necessary.}) 29... Rxa3 $19 30. h5 Qf6 $1 {[%cal Rf6f4]} 31. Qd6 Ra6 32. Qb4 Rb6 33. Qa4 Ra6 34. Qb4 $1 Nb6 35. Be3 Bf5 36. h6 $2 (36. Bf2) 36... Ra4 ({Don't do} 36... gxh6 37. Bf1) 37. Qb3 gxh6 38. Bf1 Kh7 39. Rh2 Rg8+ $1 40. Kf2 $2 (40. Kh1 Rg6 41. Be2) 40... Rg6 41. Be2 Qe7 $2 (41... Qd6 42. f4 Ra3 43. Qxa3 Qxa3) 42. Bc1 $2 (42. Bf4 {was forced.}) 42... Qb4 $2 (42... Qd6 $19 {is more deadly.} 43. Rg2 Bh3 44. Rxg6 Qh2+ {[%mdl 64] Zwischenzug} 45. Ke3 fxg6) 43. Qxb4 Rxb4 44. Reh1 {[%cal Rc1h6]} Kg7 ({Avoid the trap} 44... Rxd4 $2 45. Rxh6+ Kg7 46. R6h5 $18) 45. Rh5 Bc2 46. Bxh6+ Kf6 $1 47. Bf8 (47. Ra1 $17) 47... Rxd4 ({Better is} 47... Rb2 $1 $19 {And now ...Bd3 would win.} 48. Ke3 Rg8) 48. Bc5 Ra4 49. Bxb6 axb6 50. Rxd5 Ra2 51. Ke3 (51. Rd2 $15) 51... Ke7 $17 52. Bb5 Rd6 53. Rxd6 Kxd6 {[%mdl 4096] Endgame KRB-KRB} 54. Kd4 Ra3 55. Rh6+ Bg6 56. Be2 (56. f4 $17 {is a better defense.} Rf3 57. Rh4) 56... Ra4+ $19 57. Ke3 Kc5 58. Rh8 b5 59. f4 (59. Rb8 $142) 59... Ra3+ 60. Kd2 {intending f5!} Bf5 $2 ({Black should try} 60... Be4 $19 61. Rc8+ Bc6) 61. Rh5 $14 Kd4 {Threatens to win with ...Ra2+.} 62. Rxf5 {[%mdl 64] Double Attack. KRB-KR} Ra2+ 63. Kd1 Ke3 64. Bxb5 Rf2 65. Rxf7 {aiming for f5.} (65. Be2 {keeps more tension.} f6 66. Rh5 f5 67. Rh3+ Kxf4 68. Rb3) 65... Rxf4 66. Rxb7 (66. Rh7 {seems wilder.} Rf5 67. Be8 Rc5 68. Bg6 b5 69. Bc2) 66... Rf2 67. Be2 Rf4 68. Rb3+ Ke4 69. Kd2 Rf8 70. Rb4+ Ke5 71. Ke3 Rh8 72. Rb5+ Kd6 73. Bd3 Rh4 74. Be4 Rh2 75. Rb6+ Ke5 76. Rb5+ Kd6 77. Kd4 Rd2+ 78. Bd3 Rd1 79. Rb6+ Ke7 80. Ke4 Re1+ 81. Kf5 Rd1 82. Be4 Rd6 83. Rb7+ Rd7 84. Rb5 Rd6 85. Bd5 Rd7 86. Ke5 Rd6 87. Rb7+ Rd7 88. Rb6 Kd8 89. Be6 Kc7 90. Rb2 Rd6 91. Bd5 {Rb7+ would kill now.} Rb6 (91... Ra6 {looks sharper.} 92. Ke4 Ra4+ 93. Kf3 Ra1 94. Kg4 Rg1+) 92. Rc2+ Kb8 93. Bc6 Kc7 94. Bd5+ Kb8 95. Rh2 Ka7 96. Rh7+ Ka6 97. Rc7 Ka5 98. Kd4 Rb4+ 99. Bc4 Kb6 100. Rh7 Rb1 101. Rh6+ Ka7 102. Kc5 Rb7 103. Ra6+ Kb8 104. Bd5 Rc7+ 105. Bc6 {[%csl Gc6][%cal Ra6a8]} (105. Kb6 {is more complex.} Rb7+ 106. Kc6 Rc7+ 107. Kd6 Rd7+ 108. Ke6) 105... Ra7 106. Rb6+ Kc7 107. Bb5 Rb7 108. Rh6 Kb8 109. Rh8+ Ka7 $2 {[%mdl 8192] [#]} (109... Kc7 $11) 110. Bc6 $1 {White mates.} Rb8 {[#]} 111. Rh7+ $1 Ka6 112. Rh1 {Accuracy: White = 36%, Black = 48%.} 1-0

[Event "Slovenian chT 2019"]
[Site "Slovenia"]
[Date "2019.12.21"]
[Round "8"]
[White "Jelen, Miha"]
[Black "Serdt, Simon"]
[Result "0-1"]
[WhiteElo "1849"]
[BlackElo "2178"]
[Annotator "NA"]
[PlyCount "98"]
[EventDate "2019.??.??"]
[EventCountry "SLO"]
[SourceTitle "playchess.com"]
[Source "ChessBase"]
[SourceQuality "1"]
[TimeControl "40/5400+30:1800+30"]

1. e4 c5 2. c3 Nf6 3. e5 Nd5 4. d4 cxd4 5. cxd4 Nc6 6. Nf3 d6 7. Bc4 Nb6 8. Bb5 dxe5 9. Nxe5 Bd7 $1 10. Nxd7 $11 Qxd7 11. Nc3 Rd8 12. Be3 g6 13. Qb3 Bg7 14. Rd1 a6 15. Bxc6 Qxc6 16. O-O Nd5 17. Bg5 h6 18. Bh4 g5 19. Bg3 O-O 20. Rfe1 e6 21. Be5 Nxc3 22. bxc3 b5 23. Rd3 Rd5 24. Bxg7 Kxg7 25. Rg3 Rc8 26. h4 Qd6 27. hxg5 hxg5 28. Qd1 Rh8 29. Qg4 Kf8 30. Qe4 Qf4 31. Qxf4 gxf4 32. Rh3 Rxh3 33. gxh3 b4 34. cxb4 Rxd4 35. Rb1 Rd3 36. Kg2 Ra3 37. Rb2 Kg7 38. Rc2 Kg6 39. Rc4 e5 40. Rc2 Kg5 41. Rc5 f6 42. Rc2 e4 43. Rc5+ f5 44. Rc8 f3+ 45. Kg3 f4+ 46. Kh2 Rxa2 47. Rg8+ Kf5 48. Rf8+ Ke5 49. h4 e3 0-1

[Event "Slovenian chT 2019"]
[Site "Slovenia"]
[Date "2019.12.21"]
[Round "8"]
[White "Bajt, Hana"]
[Black "Marn, Jan"]
[Result "0-1"]
[WhiteElo "1730"]
[BlackElo "2281"]
[Annotator "NA"]
[PlyCount "86"]
[EventDate "2019.??.??"]
[EventCountry "SLO"]
[SourceTitle "playchess.com"]
[Source "ChessBase"]
[SourceQuality "1"]
[TimeControl "40/5400+30:1800+30"]

1. e4 e5 2. Nf3 Nc6 3. Bc4 Bc5 4. c3 Nf6 5. d4 exd4 6. e5 d5 7. Bb5 Ne4 8. cxd4 Bb6 9. h3 O-O 10. O-O Bf5 11. Be3 Ne7 12. Nc3 Bg6 13. Nh4 Nf5 14. Nxf5 $1 Bxf5 15. f3 $11 Ng3 16. Rf2 c6 17. Bd3 Qh4 18. Ne2 f6 19. Nxg3 Bxd3 20. Qxd3 Qxg3 21. f4 fxe5 22. Rf3 Qh4 23. dxe5 Rxf4 24. Bxb6 axb6 25. Raf1 Rxf3 26. Qxf3 Qe7 27. a3 Rf8 28. Qe3 Qc5 29. Re1 Qxe3+ 30. Rxe3 Rf4 31. g3 Rd4 32. Re2 Kf7 33. Kf2 Ke6 34. Kf3 g5 35. Re3 h5 36. Rb3 b5 37. Re3 g4+ 38. hxg4 hxg4+ 39. Ke2 Re4 40. b4 Kxe5 41. Kd3 Rxe3+ 42. Kxe3 d4+ 43. Kd3 Kd5 0-1

[Event "Slovenian chT 2019"]
[Site "Slovenia"]
[Date "2019.12.22"]
[Round "9"]
[White "Bosiocic, Marin"]
[Black "Tomazini, Zan"]
[Result "1-0"]
[WhiteElo "2623"]
[BlackElo "2359"]
[Annotator "TA"]
[PlyCount "93"]
[EventDate "2019.??.??"]
[EventCountry "SLO"]
[SourceTitle "playchess.com"]
[Source "ChessBase"]
[SourceQuality "1"]

{[%evp 19,93,24,25,15,25,26,67,75,75,74,82,107,104,24,29,38,139,143,162,162,156,154,169,168,183,177,181,173,162,162,178,182,153,155,297,284,288,294,274,293,288,298,296,287,285,208,207,198,194,189,179,176,140,168,600,574,577,600,491,515,551,534,777,779,671,695,836,743,829,866,829,822,1317,1311,1204,1191]} 1. d4 Nf6 2. Nf3 e6 3. c4 Bb4+ 4. Bd2 Qe7 5. g3 Nc6 6. Bg2 Bxd2+ 7. Nbxd2 d6 8. O-O a5 9. e4 e5 10. d5 Nb8 11. Qa4+ {E11: Bogo-Indian} (11. Ne1 O-O 12. Nd3 Bg4 13. Qc2 Be2 14. Rfe1 Bxd3 15. Qxd3 c6 16. h3 Nbd7 17. b3 cxd5 18. exd5 Qd8 19. g4 h6 20. Qe3 Qb6 {1-0 (120) Li,C (2720)-Henriquez Villagra,C (2517) Doha 2016}) 11... Bd7 12. Qb3 b6 13. c5 $1 {White is slightly better.} dxc5 14. Nc4 {[%cal Bd2c4,Bc4e3,Be3f5][%mdl 32]} O-O $146 ({Predecessor:} 14... a4 15. Qc2 Ng4 16. h3 b5 17. d6 Qe6 18. dxc7 Na6 19. hxg4 bxc4 {0-1 (34) Mastrokoukos,G (2325)-Schwarz,M (2405) Chania 1993}) 15. Nfxe5 a4 {[#]} 16. Qc3 ({White should play} 16. Qd1 $1 $16) 16... b5 $1 $11 {[%cal Rb5c4]} 17. Nxd7 Nfxd7 (17... Nbxd7 $14 18. Nd2 Qd6) 18. Ne3 $36 {[%mdl 2048] White is really pushing.} Qe5 19. f4 Qxc3 20. bxc3 Na6 21. e5 Rab8 22. Rab1 c4 23. Nf5 g6 24. Nd4 b4 25. e6 Nf6 26. f5 {aiming for fxg6.} fxe6 (26... g5 $16) 27. Nxe6 $18 ({Don't play} 27. dxe6 $6 b3 $18) 27... Rf7 28. cxb4 Rxb4 29. Rxb4 Nxb4 30. Rb1 Na6 31. Bf1 Ne4 32. fxg6 hxg6 33. Bxc4 Nd2 34. Rc1 ({Inferior is} 34. Bxa6 Nxb1 35. Bb5 (35. Bd3 Nd2 $17) 35... a3 $17) 34... Nb4 35. Ng5 Rd7 36. d6+ $1 Kh8 $2 (36... Nxc4 37. Rxc4 Nd5 38. dxc7 (38. Rxa4 Rxd6 39. Rd4 Nc3 $16) 38... Rxc7 39. Rxa4 Rc2) 37. Bb5 {White is clearly winning.} Rxd6 {With the idea ...Rd5.} 38. Nf7+ {[%mdl 64] [#] Double Attack} Kg7 39. Nxd6 cxd6 40. Bxa4 {[%mdl 4096] Endgame KRB-KNN} Nf3+ 41. Kg2 Ne5 42. a3 {[%cal Ba2a3,Ba3a4,Ba4a5][%mdl 32]} Nd5 43. Bb3 Ne3+ 44. Kg1 Kf6 45. a4 Nf5 46. a5 Nd4 47. Rf1+ {Accuracy: White = 90%, Black = 51%.} 1-0

[Event "Slovenian chT 2019"]
[Site "Slovenia"]
[Date "2019.12.22"]
[Round "9"]
[White "Markus, Robert"]
[Black "Aczel, Gergely"]
[Result "*"]
[WhiteElo "2603"]
[BlackElo "2523"]
[Annotator "TA"]
[PlyCount "76"]
[EventDate "2019.??.??"]
[EventCountry "SLO"]
[SourceTitle "playchess.com"]
[Source "ChessBase"]
[SourceQuality "1"]

{[%evp 20,76,-2,-19,-15,-16,-31,-27,-24,-45,-37,-41,0,0,0,0,0,-15,0,0,5,2,7,0,8,3,18,18,24,16,29,32,33,35,38,0,0,0,18,15,10,10,117,105,94,104,138,142,144,139,143,124,137,139,127,131,127,136,178]} 1. Nf3 d5 2. g3 c6 3. Bg2 Bf5 4. O-O Nf6 5. d3 e6 6. b3 h6 7. Bb2 Be7 8. Nbd2 O-O 9. c4 a5 10. a3 Nbd7 11. Ra2 Qb6 {A12: English Opening: 1...c6 with b3 by White} 12. Qa1 Rfd8 13. Rb1 $146 ({Predecessor:} 13. Bc3 Qc7 14. Ne5 Ne8 15. Ndf3 Nxe5 16. Bxe5 Qb6 17. Rc1 Bc5 18. Bd4 Bxd4 19. Nxd4 {0-1 (74) Iturrizaga Bonelli,E (2637)-Checa,N (2508) chess.com INT 2019}) 13... Qa7 {Black has an edge.} 14. Ne5 Nxe5 15. Bxe5 Ng4 16. Bd4 Bc5 17. Bxc5 $1 Qxc5 18. Rf1 Qa7 19. Rc2 Nf6 20. Qb2 Bg4 21. Re1 Bh5 22. h3 Re8 23. b4 axb4 24. axb4 e5 25. cxd5 cxd5 26. Nf1 e4 27. dxe4 Nxe4 28. e3 Qb6 29. Qd4 Qxd4 30. exd4 Rec8 (30... Bg6 $11 {keeps the balance.}) 31. Rxc8+ $16 ({Don't play} 31. Bxe4 $6 dxe4 32. Rxc8+ Rxc8 $11) 31... Rxc8 32. Ne3 ({Reject} 32. Bxe4 dxe4 33. g4 (33. Rxe4 Bg6 $11) 33... Bg6 $11) 32... Nc3 33. Nxd5 Nxd5 34. Bxd5 {KRB-KRB} b6 35. g4 Bg6 36. f4 {Threatens to win with f5.} Bd3 37. Kf2 Kf8 38. Ra1 Bc4 {Accuracy: White = 79%, Black = 36%.} *

[Event "Slovenian chT 2019"]
[Site "Slovenia"]
[Date "2019.12.22"]
[Round "9"]
[White "Ruck, Robert"]
[Black "Borisek, Jure"]
[Result "1/2-1/2"]
[WhiteElo "2526"]
[BlackElo "2596"]
[Annotator "ChessBase"]
[PlyCount "59"]
[EventDate "2019.??.??"]
[EventCountry "SLO"]
[SourceTitle "playchess.com"]
[Source "ChessBase"]
[SourceQuality "1"]
[TimeControl "40/5400+30:1800+30"]

1. d4 d5 2. c4 dxc4 3. Nf3 Nf6 4. e3 e6 5. Bxc4 c5 6. O-O a6 7. dxc5 Qxd1 8. Rxd1 Bxc5 9. Nbd2 O-O 10. Be2 Rd8 11. a3 Be7 12. b4 b5 13. Bb2 Bb7 14. Nb3 Rxd1+ 15. Rxd1 Nbd7 16. Na5 Bd5 17. Rc1 Nb6 18. Ne5 Rc8 19. Rxc8+ Nxc8 20. f3 Nb6 21. Bd4 Nfd7 22. Nxd7 Nxd7 23. e4 Ba8 24. Kf2 Kf8 25. Ke3 Bd6 26. Kd2 Ke7 27. h3 g5 28. Be3 h6 29. h4 f6 30. Kc3 1/2-1/2

[Event "Slovenian chT 2019"]
[Site "Slovenia"]
[Date "2019.12.22"]
[Round "9"]
[White "Sebenik, Matej"]
[Black "Gjuran, Denis"]
[Result "*"]
[WhiteElo "2501"]
[BlackElo "2324"]
[Annotator "TA"]
[PlyCount "63"]
[EventDate "2019.??.??"]
[EventCountry "SLO"]
[SourceTitle "playchess.com"]
[Source "ChessBase"]
[SourceQuality "1"]

{[%evp 18,63,16,8,2,0,0,0,21,0,0,0,0,0,13,10,138,109,104,104,108,106,99,104,155,169,191,178,185,181,255,240,245,178,193,195,222,225,202,188,164,102,110,110,110,96,175,157]} 1. c4 c6 2. Nf3 d5 3. e3 Nf6 4. Nc3 e6 5. d4 Nbd7 6. Qc2 Bd6 7. b3 Qe7 8. Be2 O-O 9. O-O Re8 10. Bb2 b6 {D45: Semi-Slav: 5 e3} 11. Rad1 Bb7 12. Rfe1 h6 {The position is equal.} (12... Rad8 13. Bf1 e5 14. dxe5 Nxe5 15. Nxe5 Bxe5 16. cxd5 cxd5 17. Nb5 Rc8 18. Qb1 Bxb2 19. Qxb2 Ba6 20. a4 Bxb5 21. axb5 {½-½ (55) Ding,L (2811)-Shankland,S (2705) chess.com INT 2019}) 13. Bf1 Bb4 {[#]} 14. Ne5 $146 ({Predecessor:} 14. Rc1 a6 15. Red1 Rac8 16. Qb1 Bd6 17. g3 c5 18. cxd5 exd5 19. dxc5 Bxc5 {½-½ (49) Matlakov,M (2574)-Motylev,A (2710) Ulan Ude 2009}) 14... Nxe5 15. dxe5 Ng4 16. f4 Nxe3 (16... Bc5 $11 {keeps the balance.} 17. Bc1 h5) 17. Rxe3 $16 {Strongly threatening Rg3.} Bc5 {[#]} 18. Bc1 $1 Rad8 19. Na4 Bxe3+ 20. Bxe3 c5 ({Better is} 20... dxc4 21. Rxd8 (21. Bxc4 Rxd1+ 22. Qxd1 Rd8 $17) 21... Rxd8) 21. Nb2 d4 22. Bf2 f5 23. exf6 $1 Qxf6 (23... gxf6 $142 24. Rd3 Kf7) 24. Bg3 $18 g5 25. Qf2 gxf4 26. Bh4 ({Stronger than} 26. Bxf4 e5 $11) ({Don't take} 26. Qxf4 $6 Qxf4 27. Bxf4 e5 $16) 26... Qg7 {Threatening ...Rd6.} 27. Bxd8 Rxd8 28. Qxf4 e5 29. Qg3 (29. Qh4 $18 Qg5 30. Qxg5+ hxg5 31. Re1) 29... Qxg3 $16 30. hxg3 e4 31. Be2 Kg7 {[#]} (31... Rf8 $16 {was necessary.}) 32. Rf1 $1 {Accuracy: White = 84%, Black = 39%.} *

[Event "Slovenian chT 2019"]
[Site "Slovenia"]
[Date "2019.12.22"]
[Round "9"]
[White "Mikhalchishin, Adrian"]
[Black "Zupe, Miran"]
[Result "1/2-1/2"]
[WhiteElo "2467"]
[BlackElo "2236"]
[Annotator "TA"]
[PlyCount "90"]
[EventDate "2019.??.??"]
[EventCountry "SLO"]
[SourceTitle "playchess.com"]
[Source "ChessBase"]
[SourceQuality "1"]

{[%evp 20,90,60,63,74,70,85,81,75,85,84,66,69,51,60,39,48,10,11,10,10,14,19,0,0,0,0,-8,0,0,0,0,27,25,42,28,24,14,56,9,31,20,32,28,28,34,35,36,35,35,35,35,40,35,42,43,44,51,51,58,60,52,64,56,65,45,113,92,91,91,171,251,261]} 1. d4 Nf6 2. c4 e6 3. g3 d5 4. Bg2 c6 5. Qc2 Bb4+ 6. Nd2 O-O 7. Ngf3 Nbd7 8. O-O Bd6 9. e4 Nxe4 10. Nxe4 dxe4 11. Qxe4 h6 {E07: Closed Catalan: Main Line (5 Nf3 0-0 6 0-0 Nbd7)} 12. Rd1 Nf6 13. Qe2 Qe7 $146 {White is better.} ({Predecessor:} 13... Qc7 14. b3 b6 15. Ne5 Bb7 16. Bb2 c5 17. dxc5 Bxc5 18. Ng4 Nxg4 19. Qxg4 {½-½ (26) Schueler,H (2156)-Neumann,J (2119) Germany 2012}) 14. Ne5 Bd7 15. Be3 Rfd8 16. f4 Be8 17. Bf2 c5 18. Nd3 {[%cal Rd4c5]} cxd4 19. Bxd4 Rac8 20. Rac1 b6 21. Bf2 (21. Rc2 {keeps more tension.} Qc7 22. b3 Bc6 23. Rcd2 Be7 24. Nf2) 21... Bc6 22. Bxc6 Rxc6 23. Qf3 Rdc8 24. b3 R6c7 25. Rc2 Nd7 26. Rcd2 Nf8 27. Qe4 Qe8 28. Bd4 Ng6 29. h4 Ne7 30. h5 Qc6 31. Qxc6 Nxc6 32. Be3 f6 33. Kf2 Kf7 34. Kf3 Be7 35. g4 Rd8 36. Ke4 Rdc8 37. Ne1 Bb4 38. Rd3 Bxe1 39. Rxe1 Rd8 {[#] ...f5+! is the strong threat.} 40. Red1 Rxd3 41. Rxd3 Ne7 42. f5 Nc6 (42... exf5+ $14 43. gxf5 Nc6) 43. fxe6+ $16 Kxe6 44. Bf4 Rd7 {[#]} (44... Re7 $16) 45. Rxd7 $1 $18 Kxd7 {[%mdl 32768] Accuracy: White = 69%, Black = 56%. . An unexpected result.} 1/2-1/2

[Event "Slovenian chT 2019"]
[Site "Slovenia"]
[Date "2019.12.22"]
[Round "9"]
[White "Janzelj, Tim"]
[Black "Kovacevic, Blazimir"]
[Result "1/2-1/2"]
[WhiteElo "2446"]
[BlackElo "2453"]
[Annotator "ChessBase"]
[PlyCount "166"]
[EventDate "2019.??.??"]
[EventCountry "SLO"]
[SourceTitle "playchess.com"]
[Source "ChessBase"]
[SourceQuality "1"]
[TimeControl "40/5400+30:1800+30"]

1. e4 e6 2. d4 d5 3. Nd2 c5 4. Ngf3 Nf6 5. exd5 exd5 6. Bb5+ Bd7 7. Be2 Nc6 8. O-O c4 9. Re1 Be7 10. Nxc4 dxc4 11. d5 Nxd5 12. Qxd5 Be6 13. Qe4 Qd5 14. Qxd5 Bxd5 15. Bg5 f6 16. Bf4 Kf7 17. Rad1 Be6 18. Nd4 Nxd4 19. Rxd4 Bc5 20. Bxc4 Bxd4 21. Rxe6 Rac8 22. Rc6+ Ke7 23. Re6+ Kf7 24. Bd5 Rhe8 25. Re4+ Kg6 26. c3 f5 27. Rxe8 Rxe8 28. Kf1 Be5 29. Be3 b6 30. g3 Kf6 31. Bc6 Rc8 32. Bf3 g5 33. Ke2 f4 34. Bd2 fxg3 35. fxg3 Re8 36. Kd3 Rd8+ 37. Ke2 Re8 38. Kd3 Rd8+ 39. Ke2 Kf5 40. g4+ Kf6 41. h3 Bf4 42. Be1 Re8+ 43. Kf1 Re3 44. Bg2 Bg3 45. Bd2 Re7 46. Bf3 h6 47. Bg2 Re5 48. c4 Re7 49. b3 Be5 50. Bb4 Re8 51. Bc6 Rc8 52. Bd5 Bb2 53. Ke2 Ke5 54. Ke3 Rh8 55. Be1 h5 56. Bg3+ Kf6 57. gxh5 Rxh5 58. Bg2 Rh8 59. Kd3 Rd8+ 60. Bd5 Rh8 61. Bg2 Re8 62. Bc6 Re7 63. Bf3 Ba3 64. Be4 Bc5 65. Be1 Rd7+ 66. Bd5 Kf5 67. Bd2 Rd8 68. Bc3 Re8 69. Bd2 Bf2 70. Bc6 Rd8+ 71. Bd5 Bg3 72. Be3 Bf4 73. Bf2 Bc1 74. Kc2 Ba3 75. Kd3 Re8 76. Be3 Bc5 77. Bd2 Bd6 78. Bc6 Re7 79. Be3 Bf4 80. Bf2 Bc1 81. b4 Ba3 82. c5 Bxb4 83. cxb6 axb6 1/2-1/2

[Event "Slovenian chT 2019"]
[Site "Slovenia"]
[Date "2019.12.22"]
[Round "9"]
[White "Markoja, Boris"]
[Black "Tratar, Marko"]
[Result "1/2-1/2"]
[WhiteElo "2445"]
[BlackElo "2443"]
[Annotator "NA"]
[PlyCount "103"]
[EventDate "2019.??.??"]
[EventCountry "SLO"]
[SourceTitle "playchess.com"]
[Source "ChessBase"]
[SourceQuality "1"]
[TimeControl "40/5400+30:1800+30"]

1. d4 Nf6 2. c4 e6 3. g3 Bb4+ 4. Bd2 Be7 5. Bg2 d5 6. Nf3 O-O 7. O-O c6 8. Bc3 Ne4 9. Nbd2 f5 10. Nxe4 fxe4 11. Nd2 Nd7 12. e3 a5 13. f3 exf3 14. Bxf3 b5 15. b3 a4 16. cxb5 cxb5 17. a3 Nb6 18. Be2 Bd7 19. Bd3 Rxf1+ 20. Nxf1 g6 21. Qb1 Qe8 22. Bb4 axb3 23. Qxb3 Nc4 24. Qc3 Qf8 25. Bxe7 Qxe7 26. Bxc4 dxc4 27. Nd2 Bc6 28. e4 Qa7 29. Qe3 Rf8 30. Rf1 Rxf1+ 31. Kxf1 e5 32. Nf3 exd4 33. Nxd4 Bd7 34. e5 Bh3+ 35. Kf2 Qf7+ 36. Qf3 Qa7 37. Qe3 Qf7+ 38. Qf3 Qa7 39. Qd5+ Kg7 40. Qd6 Qf7+ 41. Ke3 Qf1 42. Qf6+ Qxf6 43. exf6+ Kxf6 44. Nxb5 Ke5 45. Nc3 g5 46. a4 Bc8 47. Ne4 h6 48. a5 Kd5 49. Nf6+ Kc5 50. Ne4+ Kd5 51. Nf6+ Kc5 52. Ne4+ 1/2-1/2

[Event "Slovenian chT 2019"]
[Site "Slovenia"]
[Date "2019.12.22"]
[Round "9"]
[White "Antal, Tibor Kende"]
[Black "Lenic, Luka"]
[Result "1/2-1/2"]
[WhiteElo "2420"]
[BlackElo "2635"]
[Annotator "TA"]
[PlyCount "28"]
[EventDate "2019.??.??"]
[EventCountry "SLO"]
[SourceTitle "playchess.com"]
[Source "ChessBase"]
[SourceQuality "1"]

{[%evp 27,28,0,0]} 1. e4 e5 2. Nf3 Nc6 3. Bb5 Nf6 4. O-O Nxe4 5. d4 Nd6 6. dxe5 Nxb5 7. a4 Nbd4 8. Nxd4 Nxd4 9. Qxd4 d5 10. exd6 Qxd6 11. Qe4+ $146 ({Predecessor:} 11. Qe3+ Be7 12. Nc3 c6 13. Re1 Be6 14. Ne4 Qe5 15. Bd2 O-O 16. Bc3 Qf5 17. Qg3 Qg6 18. Qc7 Bd5 19. Qxe7 {½-½ (41) Inarkiev,E (2682)-Vitiugov,N (2728) Izhevsk 2019}) 11... Qe6 12. Qd4 Qd6 13. Qe4+ Qe6 14. Qd4 Qd6 1/2-1/2

[Event "Slovenian chT 2019"]
[Site "Slovenia"]
[Date "2019.12.22"]
[Round "9"]
[White "Drnovsek, Gal"]
[Black "Beliavsky, Alexander G"]
[Result "0-1"]
[WhiteElo "2388"]
[BlackElo "2519"]
[Annotator "ChessBase"]
[PlyCount "62"]
[EventDate "2019.??.??"]
[EventCountry "SLO"]
[SourceTitle "playchess.com"]
[Source "ChessBase"]
[SourceQuality "1"]
[TimeControl "40/5400+30:1800+30"]

1. d4 d5 2. c4 e6 3. Nc3 c6 4. e4 dxe4 5. Nxe4 Bb4+ 6. Nc3 e5 7. a3 Bxc3+ 8. bxc3 Qa5 9. Bd2 Nf6 10. Nf3 Nbd7 11. c5 O-O 12. Bc4 e4 13. Ng5 h6 14. Nh3 b6 15. cxb6 Nxb6 16. Be2 Bxh3 17. gxh3 Qf5 18. O-O Qxh3 19. Kh1 Nbd5 20. c4 Ne7 21. Rb1 Rad8 22. Rb3 Qe6 23. Bb4 Rfe8 24. Bc5 Nf5 25. Qa1 Rd7 26. Qb2 Red8 27. Rb8 e3 28. f3 Ng3+ 29. hxg3 Qh3+ 30. Kg1 Qxg3+ 31. Kh1 Rxb8 0-1

[Event "Slovenian chT 2019"]
[Site "Slovenia"]
[Date "2019.12.22"]
[Round "9"]
[White "Tomazini, Aljosa"]
[Black "Dobrovoljc, Vid"]
[Result "*"]
[WhiteElo "2388"]
[BlackElo "2370"]
[Annotator "TA"]
[PlyCount "71"]
[EventDate "2019.??.??"]
[EventCountry "SLO"]
[SourceTitle "playchess.com"]
[Source "ChessBase"]
[SourceQuality "1"]

{[%evp 9,71,-14,17,0,0,2,0,0,0,0,0,0,0,6,14,0,10,-2,12,8,8,8,26,-8,-6,-6,-3,-10,-10,-9,-9,-17,-15,-27,-14,-33,-13,-35,-41,-34,-12,-31,-12,-7,-15,-9,-6,-12,-5,-5,-6,-8,0,0,0,0,0,-12,-12,-21,-12,-6,-10,-39]} 1. d4 d5 2. Bg5 h6 3. Bh4 c6 4. e3 Qb6 5. b3 Bf5 (5... e5 6. Nf3 exd4 7. Nxd4 Be7 8. Bg3 Nf6 9. Nd2 O-O 10. Bd3 Na6 11. O-O Nc5 12. Bf5 Re8 13. c4 Bf8 14. cxd5 Nxd5 {½-½ (40) Kramnik,V (2788)-Karjakin,S (2727) Moscow 2008}) 6. Bd3 {D00: 1 d4 d5: Unusual lines} Bxd3 7. Qxd3 e5 8. Bg3 $146 ({Predecessor:} 8. Ne2 e4 9. Qd2 Nd7 10. c4 Ngf6 11. Nbc3 Be7 12. O-O O-O 13. c5 {1-0 (36) McClure,D-Stark,K (1721) Townsville 2017}) 8... exd4 9. exd4 Nf6 10. Nf3 Be7 11. O-O O-O 12. c4 Ne4 13. Bf4 Bf6 14. Nbd2 Nxd2 15. Bxd2 Qa6 16. Rfe1 dxc4 17. bxc4 c5 18. Bc3 cxd4 19. Bxd4 Rd8 {[#] ...Nc6 is the strong threat.} 20. Qe4 Nd7 21. Rad1 Bxd4 22. Rxd4 {Strongly threatening Qd3.} (22. Nxd4 {with more complications.} Nf6 23. Qc2 Rd7 24. Nf5 Qa5 25. Qb1) 22... Nf6 23. Qc2 Rxd4 24. Nxd4 Rc8 (24... Rd8 {feels hotter.} 25. Nf3 Rc8 26. Nd2 Qd6 27. Rc1 b6) 25. Rc1 Qd6 26. Nf5 {The position is equal.} Qe5 27. Ne3 b6 28. Qa4 Qe7 29. Rd1 g6 30. h3 Rc7 31. Qb5 Rc5 32. Qb2 Qe5 33. Rd8+ Kg7 34. Qd2 Qa1+ 35. Kh2 $1 Ne4 36. Qc2 {Accuracy: White = 49%, Black = 60%.} *